Statystyki dla Wszystkie kluby w historii Serie A

Kliknij tutaj aby rozwiązać quiz!

Ogólne statystyki

  • Ten quiz został rozwiązany 41 razy
  • Średni wynik to 19 z 60

Statystyki odpowiedzi

Liczba sezonówKlub% Poprawnych
76Juventus
100%
77Inter Mediolan
94%
75Milan
94%
62Napoli
92%
76Roma
81%
61Sampdoria
75%
66Lazio
72%
68Torino
72%
70Fiorentina
69%
49Atalanta
67%
12Venezia
67%
42Genoa
61%
7Chievo
56%
22Palermo
56%
18Parma
56%
2Salernitana
56%
62Bologna
53%
36Udinese Calcio
53%
28Bari
44%
9Empoli
44%
24Verona
44%
21Brescia
42%
13Lecce
42%
30Cagliari Calcio
31%
16Spal
31%
7Cremonese
28%
13Perugia
28%
7Pisa
25%
9Reggina
22%
6Siena
19%
16Ascoli
14%
10Cesena
14%
13Como
14%
13Padova
14%
8Piacenza
14%
16Livorno
11%
13Modena
11%
26Triestina
11%
11Foggia
8%
12Novara
8%
3Reggiana
8%
30Vicenza
8%
5Delfino Pescara 1936
6%
1Treviso
6%
13Alessandria
3%
2Ancona
3%
12Calcio Catania
3%
4Casale
3%
7Catanzaro
3%
3Lecco
3%
3Legnano
3%
8Lucchese
3%
7Mantova
3%
1Pistoiese
3%
12Pro Patria
3%
7Varese
3%
10Acellino
0%
5Messina Peloro
0%
6Pro Vereclli
0%
2Ternano
0%

Rozkład punktacji

Percentyl według liczby udzielonych odpowiedzi

Procent ludzi z każdym wynikiem

Twoja historia wyników

Nie rozwiązałeś tego quizu